[Event "HaustmÃ³t TaflfÃ©lags ReykjavÃ­kur 2015, A flokkur"]
[Site "Faxafen 12, ReykjavÃ­k"]
[Date "2015.10.04"]
[Round "5.3"]
[White "Ptacnikova, Lenka"]
[Black "Bjarnason, Saevar"]
[Result "1/2-1/2"]
[BlackElo "2108"]
[EventDate "2015.09.13"]
[PlyCount "0"]
[WhiteElo "2235"]

1. e4 e6 2. d4 d5 3. Nd2 Nf6 4. e5 Nfd7 5. c3 c5 6. Bd3 Nc6 7. Ne2 cxd4 8. cxd4
f6 9. exf6 Nxf6 10. Nf3 Bd6 11. O-O Qc7 12. g3 O-O 13. Bf4 Bd7 14. Rc1 Rae8 15.
Ne5 Qb8 16. Nxd7 Nxd7 17. Bxd6 Qxd6 18. Qb3 Rb8 19. f4 Nf6 20. a3 Rf7 21. Qc2
Rc8 22. b4 Rfc7 23. Qb2 Ne7 24. Rc5 Nf5 25. Rfc1 b6 26. Rxc7 Rxc7 27. Rxc7 Qxc7
28. Qb3 Kf7 29. Kf2 Nd6 30. a4 a5 31. Nc3 axb4 32. Qxb4 Qc6 33. a5 bxa5 34.
Qxa5 h6 35. Qa7+ Nd7 36. Na4 Kf6 37. Qa5 Nc4 38. Qd8+ Kf7 39. Nc3 Nf6 40. Ne2
Qb6 41. Qxb6 Nxb6 42. f5 exf5 43. Bxf5 g6 44. Bd3 g5 45. Kf3 Ke6 46. h4 Nbd7
47. Bb5 Kd6 48. Nc3 Nf8 49. hxg5 hxg5 50. Be2 Ne6 51. Ke3 Nc7 52. Nd1 Ne6 53.
Nf2 Ng7 54. Bd3 Ke6 55. g4 Kd6 56. Bg6 Ke6 57. Kf3 Kd6 58. Bc2 Ne6 59. Ke3 Nf4
60. Bf5 Kc6 61. Nd3 Nxd3 62. Kxd3 Kb5 63. Kc3 Ne4+ 64. Kb3 Nf6 65. Bd3+ Kc6 66.
Be2 Kb6 67. Kb4 Kc6 68. Bb5+ Kd6 69. Be2 Ne4 70. Bf3 Nf6 71. Bd1 Ne8 72. Bc2
Nc7 73. Bf5 Ne8 74. Bg6 Nf6 75. Bf5 Ng8 76. Bd3 Ne7 77. Bb5 Ng6 78. Bd3 Nf4 79.
Bb5 Ne6 80. Kc3 Kc7 81. Be8 Kb6 82. Bf7 Nf4 83. Kb4 Kc6 84. Be8+ Kd6 85. Bb5
Ne6 86. Kc3 Nc7 87. Ba4 Ne6 88. Be8 Nd8 89. Bb5 Ne6 90. Be8 Nf4 91. Bb5 Ng2 92.
Bf1 Nf4 93. Bb5 Ng6 94. Bd3 Ne7 95. Bb5 Ng8 96. Bd3 Nf6 97. Bf5 Ne8 98. Bg6 Nc7
99. Bd3 Ne6 100. Bb5 Nf4 101. Kb4 Nh3 102. Bf1 Nf2 103. Be2 Ne4 104. Bf3 Nf6
105. Bd1 Nd7 106. Ba4 Nf8 107. Bb5 Ne6 108. Kc3 Nf4 109. Kb4 Nh3 110. Bf1 Nf2
111. Be2 Ne4 112. Bf3 Nf6  1/2-1/2